000 01523cam a22003491i 4500
003 SA-RiAUC
005 20250307114707.0
008 250307s2012____ts o g f00000dara c
020 _a9789948170112
040 _aSA-RiKAPL
_bara
_cSA-RiAUC
_erda
041 1 _aara
_hund
043 _aa-su---
082 0 4 _a915.31204
_qSA-RiAUC
090 _a915.31204
_bك ح ي
100 1 _aكحيل، فريد قيومجي
_eمؤلف.
245 1 0 _aمصور في الحج :
_bرحلات محمد علي أفندي السعودي 1904-1908 م. /
_cتأليف فريد قيومجي كحيل، روبرت غراهام ؛ ترجمة سري خريس، أحمد خريس.
250 _aالطبعة الأولى.
264 1 _aأبو ظبي :
_bهيئة أبو ظبي للثقافة والتراث :
_bدار كلمة،
_c2012
264 2 _aالقاهرة :
_bتوزيع مجموعة النيل العربية
300 _a179 صفحة :
_bصور ؛
_c26 سم
336 _aنص
_btxt
_2rdacontent
_3كتاب
337 _aبدون وسيط
_bn
_2rdamedia
338 _aمجلد
_bnc
_2rdacarrier
600 1 7 _aالسعودي، محمد بن علي
_xرحلات
_zمكة المكرمة
_2aucnm
650 7 _aالحج
_2aucsh
651 7 _aمكة المكرمة
_xوصف ورحلات
_2aucsh
700 1 _aجراهام، روبرت ج.،
_d1946-
_eمؤلف.
700 1 _aخريس، أحمد،
_d1970-
_eمترجم.
700 1 _aخريس، سري محمد
_eمترجم.
942 _2ddc
_cBOOK
949 _aSA-JeALM
_d250307
_ukhaled123
_n1
999 _c6293
_d6293